000 01840nam2a2200277 4500
001 RU\NLR\BIBL_A\012422221
005 20220221125210.0
010 _a978-5-7692-1674-9
_9100
021 _aRU
_bКН-П-20-049697
_9КН-П-20-3753
035 _a(NLR Aleph) 012422221
035 _a(RuMoRGB)010407896
090 _a11832784
_c11832784
100 _a20201216d2020 u y0rusy50 ca
101 0 _arus
102 _aRU
105 _aa|||z|||000zy
200 0 _a...в 2019 году
_fМинистерство науки и высшего образования Российской Федерации, Федеральное государственное бюджетное учреждение науки, Сибирское отделение Российской академии наук
210 _d2020
215 _a160 с.
_cил., цв. ил.
320 _aБиблиогр. в тексте
461 0 _1001RU\NLR\BIBL_A\011196829
_12001#$aИнститут автоматики и электрометрии ...$eотчет о деятельности$fФАНО России, Федер. гос. бюджет. учреждение науки, Сибир. отд-ние Рос. акад. наук$v...в 2019 году
_911897595
_aИнститут автоматики и электрометрии (Новосибирск)
_cНовосибирск
_d2016
_fФАНО России, Федер. гос. бюджет. учреждение науки, Сибир. отд-ние Рос. акад. наук
_nИнститут автоматики и электрометрии СО РАН
_oотчет о деятельности
_tИнститут автоматики и электрометрии ...
_v...в 2019 году
942 _cBOOK
980 _aNBR
980 _aNB